| 000 | 00832nam a22002297a 4500 | ||
|---|---|---|---|
| 005 | 20240530110517.0 | ||
| 008 | 160207s2012 ua a g b 000 0 ara d | ||
| 017 |
_a2012/10326 _bمصر . دار الكتب المصرية |
||
| 020 | _a9771027883 | ||
| 040 | _aEG-CaGPL | ||
| 082 | 0 | 4 |
_221 _a530.11\ _bأ ن |
| 100 | 0 | _aاسامة زيد ابراهيم ناجى . | |
| 245 | 1 | 2 |
_aالنظرية النسبية و علم الكونيات / _cاسامة زيد ابراهيم ناجى . |
| 250 | _aط1. | ||
| 260 |
_aالقاهرة : _bدار الفكر العربى ، _c2012 . |
||
| 300 |
_a272 ص : _bايض ؛ _c24 سم . |
||
| 504 | _aيشتمل على ارجاعات ببليوجرافية | ||
| 650 | 0 | 4 | _aالنسبية . |
| 650 | 0 | 4 | _aالكون . |
| 942 |
_2ddc _cBK |
||
| 999 |
_c61806 _d61806 |
||